01409cam a2200385 a 450000100090000000300040000900500170001300800410003001000170007102000180008804000180010604200090012405000250013310000290015824500540018725000210024126000510026230000210031349000280033452100070036252600080036960000540037760000340043165000300046565000270049565000330052265100660055565100610062180000620068285600900074490600450083494200120087999900170089195201150090812694924OSt20140403132832.0020307s2002 nyu j 000 1 eng  a 2002003264 a9780439265997 aDLCcDLCdDLC alcac00aPZ 7b.C88284At 20041 aCrossley-Holland, Kevin.10aAt the crossing-places /cKevin Crossley-Holland. a1st American ed. aNew York, NY :bArthur A. Levine Books,c2004. a394 p. ;c24 cm.1 aArthur trilogy ;vbk. 2 aG4 c65000aCrossley-Holland, KevinvJuvenile fiction.91903601aArthur, KingvFiction.919037 1aIdentityvFiction.919038 1aMagicvFiction.919039 1aMiddle AgesvFiction.919040 1aGreat BritainxHistoryyRichard I, 1189-1199vFiction.919041 1aGreat BritainxHistoryyJohn, 1199-1216vFiction.9190421 aCrossley-Holland, Kevin.tArthur trilogy ;vbk. 2.919043423Publisher descriptionuhttp://www.loc.gov/catdir/description/schol051/2002003264.html a7bcbccorignewd1eecipf20gy-gencatlg 2lcccBK c47411d47411 00102lcc40aMUbMUcSCHOd2014-03-15l0oPZ 7 .C88284At 2004pMS0158r2014-03-15 00:00:00t1w2014-03-15yBK